=LDR 00000nam 2200000 4500 =001 NUTBA000000000005712 =005 20141106083908.0 =006 =007 =008 =020 ##$$a 978-979-050-278-9 =035 ##$$a 0010-111400000000191 =040 ##$$a NBPDMAT =082 ##$$a R.912.598 38 =090 ##$$a R.912.598 38 $b Mah a =100 ##$$a Mahyuzar =245 ##$$a Atlas tematik provinsi Kalimantan Timur / $c Mahyuzar =250 ##$$a Cet.1 =260 ##$$a Jakarta : $b Bina Sumber Daya Mipa, $c 2010 =300 ##$$a 56 hlm. : $b ilus. ; $c 29 cm. =650 ##$$a Atlas Kalimantan Timur =850 ##$$a NBPDMAT